Bài tập Vật Lí 12
Cuốn sách gồm những câu hỏi trắc nghiệm và đưa ra 4 phương án lựa chọn nhưng học sinh chỉ được chọn 1 đáp án đúng. Thông qua cuốn Bài tập vật lí lớp 12 giúp cho các học sinh hệ thống lại kiến thức về lí thuyết và bài tập....
Сохранить в:
| Главный автор: | |
|---|---|
| Формат: | |
| Язык: | Undetermined |
| Опубликовано: |
Hà Nội
Giáo dục Việt Nam
2010
|
| Предметы: | |
| Метки: |
Добавить метку
Нет меток, Требуется 1-ая метка записи!
|
| Thư viện lưu trữ: | Trung tâm Học liệu Trường Đại học Cần Thơ |
|---|
| LEADER | 00942nam a2200217Ia 4500 | ||
|---|---|---|---|
| 001 | CTU_157795 | ||
| 008 | 210402s9999 xx 000 0 und d | ||
| 020 | |c 6700 | ||
| 082 | |a 530.712 | ||
| 082 | |b Qu106/L.12 | ||
| 100 | |a Vũ, Quang | ||
| 245 | 0 | |a Bài tập Vật Lí 12 | |
| 245 | 0 | |c Vũ Quang (Chủ biên) | |
| 260 | |a Hà Nội | ||
| 260 | |b Giáo dục Việt Nam | ||
| 260 | |c 2010 | ||
| 520 | |a Cuốn sách gồm những câu hỏi trắc nghiệm và đưa ra 4 phương án lựa chọn nhưng học sinh chỉ được chọn 1 đáp án đúng. Thông qua cuốn Bài tập vật lí lớp 12 giúp cho các học sinh hệ thống lại kiến thức về lí thuyết và bài tập. | ||
| 650 | |a Physics | ||
| 650 | |x Study and teaching (Secondary) | ||
| 904 | |i Mỹ Lệ (Bé Ba) | ||
| 980 | |a Trung tâm Học liệu Trường Đại học Cần Thơ | ||